| 000 | 01152cam a22003257a 4500 | ||
|---|---|---|---|
| 003 | CHAP | ||
| 005 | 20220329141214.0 | ||
| 008 | 971010s1982 r 00010 d | ||
| 010 | _a64354 | ||
| 011 | _a65326 | ||
| 035 | _a71898 | ||
| 040 | _cCHAP | ||
| 082 | 0 | 4 |
_a595.7 _bC5 |
| 100 | 0 | 0 |
_aClark, L. R. _923627 |
| 245 | 1 | 4 |
_aThe ecology of insect populations _b: in theory and practice |
| 260 |
_aLondon : _bChapman and Hall, _c1982 |
||
| 300 | _a232 p. | ||
| 590 |
_aBATCH-UPD _b10 _c20130110 _lUCH01 _h0457 |
||
| 590 |
_aBATCH-UPD _b10 _c20130410 _lUCH01 _h0135 |
||
| 590 |
_aBATCH-UPD _b10 _c20130914 _lUCH01 _h0946 |
||
| 590 |
_aCONVERSION _b10 _c20130109 _lUCH01 _h1335 |
||
| 650 | 1 | 4 |
_aEcologĂa de insectos. _935172 |
| 901 | _aBK | ||
| 942 | _cLIBRO | ||
| 949 |
_a595.7 C5 _bBC _cLIBRO _d33724000349932 _eLIBRO _fc.5 _h14673 _i71898 _si |
||
| 949 |
_a595.7 C5 _bBC _cLIBRO _d33724000350104 _eLIBRO _h14668 _i71898 _si |
||
| 949 |
_a595.7 C5 _bBC _cLIBRO _d33724000350112 _eLIBRO _fc.9 _h52663 _i71898 _si |
||
| 949 |
_a595.7 C5 _bBC _cLIBRO _d33724000350120 _eLIBRO _fc.8 _h49747 _i71898 _si |
||
| 949 |
_a595.7 C5 _bBC _cLIBRO _d33724000350138 _eLIBRO _fc.3 _h14671 _i71898 _si |
||
| 999 |
_c64354 _d64354 |
||